| 000 | 00410nam a2200157Ia 4500 | ||
|---|---|---|---|
| 005 | 20250312045049.0 | ||
| 008 | 240331s9999 xx 000 0 und d | ||
| 082 |
_bEZH _a894 |
||
| 245 | 0 | _aEzhupathukalil kalai iIllakkiyam | |
| 250 | _a2nd | ||
| 260 |
_aBangalore _bKaavya Publishers _c1990 |
||
| 300 | _a205 p ., | ||
| 500 | _aCriticism on Tamil Art & Literature | ||
| 700 |
_aSundaram,L. _eedt |
||
| 942 | _cL | ||
| 999 |
_c3955 _d3955 |
||